Thermal Science and Engineering (Record no. 2817)

MARC details
000 -LEADER
fixed length control field 00409nam a22001697a 4500
005 - DATE AND TIME OF LATEST TRANSACTION
control field 20160615152717.0
008 - FIXED-LENGTH DATA ELEMENTS--GENERAL INFORMATION
fixed length control field 160615b xxu||||| |||| 00| 0 eng d
020 ## - INTERNATIONAL STANDARD BOOK NUMBER
ISBN 81-318-0129-1
041 ## - LANGUAGE CODE
Language code of text/sound track or separate title eng
082 ## - DEWEY DECIMAL CLASSIFICATION NUMBER
Item number 7833
100 ## - MAIN ENTRY--AUTHOR NAME
Personal name Rajrut, R.K.
245 ## - TITLE STATEMENT
Title Thermal Science and Engineering
260 ## - PUBLICATION, DISTRIBUTION, ETC. (IMPRINT)
Name of publisher Laxmi Publication
Year of publication 2011
300 ## - PHYSICAL DESCRIPTION
Number of Pages 524
650 ## - SUBJECT ADDED ENTRY--TOPICAL TERM
Topical Term DIPLOMA ENGINEERING
942 ## - ADDED ENTRY ELEMENTS (KOHA)
Koha item type Books
Holdings
Lost status Damaged status Home library Current library Shelving location Date acquired Cost, normal purchase price Full call number Accession Number Koha item type Collection code
    JRU Library   SHELF-42-K 15/06/2016 325.00 7833 7833 Books  
    JRU Library JRU Library SHELF-58-A 15/06/2016 325.00 7833 7834 Books MINING
    JRU Library JRU Library SHELF-58-A 15/06/2016 325.00 7833 7835 Books MINING
    JRU Library   SHELF-42-K 15/06/2016 325.00 7833 7836 Books  
    JRU Library   SHELF-72-C 15/06/2016 325.00 7833 7837 Books Reference